000 01900 a2200265 4500
003 OSt
005 20180116182734.0
008 170807b xxu||||| |||| 00| 0 eng d
020 _a0074716581
020 _a9780074716588
040 _c0
082 _a302.35 MCS 2007
100 1 _aSteven McShane, Tony Travaglione
245 1 0 _aOrganisational Behaviour on the Pacific Rim
_cSteven McShane, Tony Travaglione
250 _a2nd ed.
260 _a[S.l.] :
_bMcGraw Hill Higher Education,
_c2007.
300 _a596 p.
_c27 cm.
_bpb
440 _aOrganisational Behaviour on the Pacific Rim
500 _aPaperback.
520 _aThe 'fish book' has become a phenomenal success story. Primarily used as a 2nd year level text for students majoring in Management, the popularity and widespread use of the text has enabled us to gain further insight into developing this next edition to meet the needs of the market. This text addresses contemporary topics in a depth that other textbooks have yet to achieve.Students are kept up-to-date with: revised case studies and boxed features; daily OB news from around the country, through Press Gallery; and, updated coverage of concepts. Written in clear, uncomplicated language, the text has been commended for linking learning with work-related behaviour and its focus on essential concepts and smooth transition from theory to practice. The examples are real, current and thought-provoking and relate to student's experience and interest. The book maintains a Pacific Rim focus whilst including international examples to ensure that students are exposed to OB on a broader scale.
700 1 _aTravaglione, Tony.
856 4 0 _3Amazon.com
_uhttp://www.amazon.com/exec/obidos/ASIN/0074716581/chopaconline-20
856 4 0 _3Amazon customer reviews
_uhttp://www.chopac.org/cgi-bin/tools/azrev.pl?q=0074716581
942 _aNBS
_cBK
_k302.35 MCS 2007
_2ddc
999 _c345163
_d345163